Fr. Conceicao Rodrigues College of Engineering

Introduction to Analog and Digital Communication (Record no. 28056)

MARC details
000 -LEADER
fixed length control field 00384nam a2200169Ia 4500
082 ## - DEWEY DECIMAL CLASSIFICATION NUMBER
Classification number 621.382
Item number HAY
100 ## - MAIN ENTRY--PERSONAL NAME
Personal name Haykin/ Simon/ Moher/Michael
250 ## - EDITION STATEMENT
Edition statement 2
245 ## - TITLE STATEMENT
Title Introduction to Analog and Digital Communication
260 ## - PUBLICATION, DISTRIBUTION, ETC.
Name of publisher, distributor, etc. Wiely
Date of publication, distribution, etc. 2007
366 ## - TRADE AVAILABILITY INFORMATION
Publishers's discount category 25
300 ## - PHYSICAL DESCRIPTION
Extent 515
546 ## - LANGUAGE NOTE
Language note ENGLISH
-- PAMPHALETS
650 ## - SUBJECT ADDED ENTRY--TOPICAL TERM
Topical term or geographic name entry element Communications
942 ## - ADDED ENTRY ELEMENTS (KOHA)
Koha item type BOOK
Holdings
Withdrawn status Lost status Damaged status Not for loan Collection Home library Current library Date acquired Source of acquisition Cost, normal purchase price Inventory number Total Checkouts Full call number Barcode Date last seen Cost, replacement price Price effective from Koha item type Total Renewals Date last checked out
        CRC Fr. Agnel's C.Rodrigues College of Engineering AGNEL TECHNICAL COLLEGE LIBRARY 17/03/2023 Allied Publishers 351.75 617 dt 21/06/2013 1 621.382 HAY 22829 05/08/2024 469.00   BOOK 1 03/08/2024
        CRC Fr. Agnel's C.Rodrigues College of Engineering Fr. Agnel's C.Rodrigues College of Engineering 17/03/2023 Allied Publishers 351.75 617 dt 21/06/2013   621.382 HAY 22827 17/03/2023 469.00   BOOK    
        CRC Fr. Agnel's C.Rodrigues College of Engineering Fr. Agnel's C.Rodrigues College of Engineering 17/03/2023 Allied Publishers 351.75 617 dt 21/06/2013   621.382 HAY 22828 17/03/2023 469.00   BOOK    
        CRC Fr. Agnel's C.Rodrigues College of Engineering Fr. Agnel's C.Rodrigues College of Engineering 17/03/2023 Allied Publishers 351.75 617 dt 21/06/2013   621.382 HAY 22830 17/03/2023 469.00   BOOK